Elementary education in tribal india / (Record no. 37673)

MARC details
000 -LEADER
fixed length control field 00811nam a22002177a 4500
005 - DATE AND TIME OF LATEST TRANSACTION
control field 20100726121815.0
010 ## - LCCN (DPL NO)
LC control number ENG-96816
020 ## - INTERNATIONAL STANDARD BOOK NUMBER
International Standard Book Number 8183242804
Terms of availability 450.00
035 ## - SYSTEM CONTROL NUMBER
System control number EN-80349
037 ## - SOURCE OF ACQUISITION
Source of stock number/acquisition DBAD/PUB
082 ## - DEWEY DECIMAL CLASSIFICATION NUMBER
Classification number 371 .9086940954
100 ## - MAIN ENTRY--PERSONAL NAME
Personal name Mohanty, R P
245 ## - TITLE STATEMENT
Title Elementary education in tribal india /
Statement of responsibility, etc by R P Mohanty [and] D N Biswal
260 ## - PUBLICATION, DISTRIBUTION, ETC. (IMPRINT)
Place of publication, distribution, etc New Delhi
Name of publisher, distributor, etc Mittal publications
Date of publication, distribution, etc 2009
270 ## - ADDRESS
Address 4594/9 Daryaganj
Postal code 110002
City New Delhi
300 ## - PHYSICAL DESCRIPTION
Extent xviii, 161 p
Dimensions 21 cm. (Hb)
500 ## - GENERAL NOTE
General note incules bibliographical references and index
700 ## - ADDED ENTRY--PERSONAL NAME
Personal name Biswal, D N
9 (RLIN) 1426
942 ## - ADDED ENTRY ELEMENTS (KOHA)
Source of classification or shelving scheme Dewey Decimal Classification
Item type English Books
Classification part 371.9086940954
Call number suffix MOH
Holdings
Withdrawn status Lost status Not for loan Collection code Home library Current library Date acquired Source of acquisition Cost, normal purchase price Full call number Barcode Copy number Cost, replacement price Koha item type
    Not For Loan Non-fiction D.B.Act.Division D.B.Act.Division 26/07/2010 DBAD/PUB 450.00 371.9086940954 MOH EN-80349 1 450.00 English Books

© Delhi Public Library
Hit Counter
free hit counter